| 000 | 005280000a22001810004500 | ||
|---|---|---|---|
| 003 | MACL | ||
| 005 | 20160406112004.0 | ||
| 008 | 160406b xxu||||| |||| 00| 0 eng d | ||
| 040 |
_aMACL _cMACL |
||
| 041 | _aHindi | ||
| 082 | _a400 | ||
| 100 |
_aअग्रवाल विजय _946794 |
||
| 245 | _aअपनी हिंदी सुधारें | ||
| 260 |
_bविभाग प्रकाशन _c1994 _aनई दिल्ली |
||
| 350 | _a55 | ||
| 650 |
_aभाषा _950721 |
||
| 942 |
_cHIN _k400 _2ddc |
||
| 999 |
_c20579 _d20579 |
||